000 00653nam a22002297a 4500
003 UA-OsUOA
001 62578
007 ta
008 20090903b un ||||| |||| 00| 0 ukr d
100 _aЄвдокименко В. Ю.
090 _a94(477)
_bЕ99
942 _cBK
040 _aUA-OsUOA
_bukr
_cUA-OsUOA
_dUA-OsUOA
245 _aКритика ідейних основ українського буржуазного націоналізму
300 _a270 с.
955 _a2
041 _aukr
080 _a94(477)
260 _aК.
_c1967
650 7 _a9 Географія. Біографії. Історія
_2UDC
999 _c348678
_d348678